Languages Spoken By Historical Figures Pt. 4 - Statistics

General Stats
  • This quiz has been taken 26 times
  • The average score is 6 of 15
Answer Stats
Hint Answer % Correct
Napoleon Bonaparte Corsican
96%
Julius Caesar Classical Latin
85%
Mohandas Gandhi Gujarati
73%
Liliʻuokalani Kamaka‘eha Hawaiian
73%
Ngawang Lobsang Gyatso(5th Dalai Lama) Ü-Tsang Tibetan
62%
Zubayr ibn al-Awwam Arabic
50%
Mohammed Ali Pasha Albanian
35%
Tenzing Norgay Sherpa
31%
José Rizal Tagalog
19%
Poundmaker(pîhtokahânapiwiyin) Plains Cree (nēhiyawēwin)
15%
Sayyid 'Abdallāh Hassan Somali
15%
Geronimo(Goyaałé) Mescalero-Chiricahua(Ndé bizaa')
12%
Timur Gurqani Chagatai
8%
Eleanor of Aquitaine Poitevin–Saintongeais
8%
Kwame Nkrumah Nzema
4%
No matching quizzes found
Score Distribution
Percent of People with Each Score
Percentile by Number Answered
Your Score History
You have not taken this quiz